Πληροφοριακά συστήματα στον τουρισμό
Saved in:
| Main Authors: | , , |
|---|---|
| Other Authors: | , , , |
| Format: | Book |
| Language: | Greek English |
| Published: |
Λευκωσία :
Πασχαλίδης : Broken Hill,
c2023.
|
| Subjects: | |
| Tags: |
Add Tag
No Tags, Be the first to tag this record!
|
MARC
| LEADER | 00000nam a2200000 a 4500 | ||
|---|---|---|---|
| 001 | 1/126659 | ||
| 008 | 230525tyyyy####gr | ||| |||| ||gre|| | ||
| 020 | |a 9789925350391 |q (χαρτόδετο) | ||
| 040 | |a GR-MyUa |b gre |c GR-MyUa |e AACR2 | ||
| 041 | 1 | |a gre |h eng | |
| 082 | 7 | |a 338.4791 |2 (23) | |
| 100 | 1 | |a Benckendorff, Pierre, |e aut | |
| 245 | 1 | 0 | |a Πληροφοριακά συστήματα στον τουρισμό / |c Pierre J. Benckendorff, Zheng Xiang, Pauline J. Sheldon ; επιμέλεια - μετάφραση : Αλκιβιάδης Α. Παναγόπουλος, Ιωάννης Α. Νίκας, Ιωάννα Θ. Σιμέλη ; μετάφραση: Ελένη Δ. Δελιβάνη. |
| 260 | |a Λευκωσία : |b Πασχαλίδης : |b Broken Hill, |c c2023. | ||
| 300 | |a 335 σ. : |b διαγρ., εικ., πίν. ; |c 29 εκ. | ||
| 500 | |a Μετάφραση του: Tourism information technology, 3rd ed. | ||
| 504 | |a Περιλαμβάνει βιβλιογραφικές παραπομπές. Ευρετήριο: σ. 331-335. | ||
| 650 | 0 | |a Tourism |x Information technology. | |
| 700 | 1 | |a Xiang, Zheng, |e aut | |
| 700 | 1 | |a Sheldon, Pauline J. |e aut | |
| 700 | 1 | |a Παναγόπουλος, Αλκιβιάδης Α. |e edt |e trl | |
| 700 | 1 | |a Νίκας, Ιωάννης Α. |e edt |e trl | |
| 700 | 1 | |a Σιμέλη, Ιωάννα Θ. |e edtf |e trlf | |
| 700 | 1 | |a Δελιβάνη, Ελένη, |e trlf | |
| 852 | |a INST |b CHIOS |c EUDOXUS |e 20230525 |h 338.47910285 BEN |p 005200040473 |q 005200040473 |t EDX |y 0 | ||
| 920 | |a Εύδοξος |b Παραγγελία |y Χίος-ΤΟΔΙΤ |z 2023-05 | ||
| 970 | |a Σπέντζα |b Ελένη |z 25-05-2023 | ||